书目信息

书名: 读遍红楼 
作者: 胡文彬
出版信息: 太原   书海出版社  2006
开本页数: 24cm  376页
丛书名:
单 册:
中图分类: I2
科图分类:
主题词:
电子资源:
ISBN: 7-80550-741-4
000 00743nam0 2200241 450
001 747
005 20060606140343.0
010    @a7-80550-741-4@dCNY34.80
100    @a20060526d2006 em y0chiy0110 ea
101 @achi
102    @aCN@b210000
105    @aa z 000yy
106    @ar
200 @a读遍红楼@Adou bian hong lou@e不随黄叶舞秋风@f胡文彬著
210    @a太原@c书海出版社@d2006
215    @a376页@c照片@d24cm
330    @a本书共分九卷,150余篇,既有妙趣橫生的典故溯源,亦有严谨细正的校勘纠谬,梦里梦外,深入浅出, 以小见大,浑然天成。
517 @a不随黄叶舞秋风@Abu sui huang ye wu qiu feng
605    @a红楼梦@x文学研究
690    @aI2@v4
701  0 @a胡文彬@Ahu wen bin@4著
801  0 @aCN@bZL@c20060526
905    @dI2@e1332
    
    读遍红楼:不随黄叶舞秋风/胡文彬著.-太原:书海出版社,2006
    376页:照片;24cm
    
    
    ISBN 7-80550-741-4:CNY34.80
    本书共分九卷,150余篇,既有妙趣橫生的典故溯源,亦有严谨细正的校勘纠谬,梦里梦外,深入浅出, 以小见大,浑然天成。
相关链接 在五车中查询图书 在当当中查询图书 在豆瓣中查询图书


正题名:读遍红楼     索取号:I2/1332         预约/预借

序号 登录号 条形码 馆藏地/架位号 状态 备注
1 311850   300311850   海科密-1楼/28架2列2层/ [索取号:I2/1332] 在馆    
2 311851   300311851   海科密-1楼/28架2列2层/ [索取号:I2/1332] 在馆    
3 311852   300311852   海科密-1楼/28架2列2层/ [索取号:I2/1332] 在馆    
4 311853   300311853   海科密-1楼/28架2列2层/ [索取号:I2/1332] 在馆    
5 311854   300311854   海科密-1楼/28架2列2层/ [索取号:I2/1332] 在馆